| 000 | 00390pab a2200133 454500 | ||
|---|---|---|---|
| 008 | 180718b2005 xxu||||| |||| 00| 0 eng d | ||
| 100 | _aTaylor, Ian | ||
| 245 | _aGlobalisation studies and the developing world: making international political economy truly global | ||
| 260 | _c2005 | ||
| 300 | _ap.1025-042. | ||
| 650 | _aGlobalization | ||
| 773 | _aThird World Quarterly | ||
| 909 | _a67334 | ||
| 999 |
_c67334 _d67334 |
||